Teach thinking by discussion (Record no. 59429)

MARC details
000 -LEADER
fixed length control field 00746nam a2200193 a 4500
008 - FIXED-LENGTH DATA ELEMENTS--GENERAL INFORMATION
fixed length control field 060424s1986 ||||||||||||||||| || u
020 ## - INTERNATIONAL STANDARD BOOK NUMBER
International Standard Book Number 1850590044
020 ## - INTERNATIONAL STANDARD BOOK NUMBER
International Standard Book Number 033515610X
050 ## - LIBRARY OF CONGRESS CALL NUMBER
Classification number LC 6519 Tea
100 ## - MAIN ENTRY--PERSONAL NAME
Personal name Bligh, Donald
245 10 - TITLE STATEMENT
Title Teach thinking by discussion
Statement of responsibility, etc. edited by Donald Bligh
260 ## - PUBLICATION, DISTRIBUTION, ETC.
Place of publication, distribution, etc. Guildford :
Name of publisher, distributor, etc. Society for Research into Higher Education & NFER-Nelson
Date of publication, distribution, etc. 1986
300 ## - PHYSICAL DESCRIPTION
Extent 246 p. : ill.
350 ## - PRICE (NR) (BK AM CF MU VM SE) [OBSOLETE]
Price 0.00
650 ## - SUBJECT ADDED ENTRY--TOPICAL TERM
Topical term or geographic name entry element GROUP WORK IN EDUCATION
650 ## - SUBJECT ADDED ENTRY--TOPICAL TERM
Topical term or geographic name entry element FORUMS (DISCUSSION AND DEBATE)
650 ## - SUBJECT ADDED ENTRY--TOPICAL TERM
Topical term or geographic name entry element THOUGHT AND THINKING - STUDY AND TEACHINGaching
995 ## - RECOMMENDATION 995 [LOCAL, UNIMARC FRANCE]
-- 0.00
-- CBU-MAIN LIBRARY (Kitwe)
-- 1
-- 20.50
-- 1
-- AVAILABLE
-- Annex Low-Usage Collection
Holdings
Withdrawn status Lost status Source of classification or shelving scheme Damaged status Not for loan Home library Current library Shelving location Date acquired Total Checkouts Full call number Barcode Date last seen Price effective from Koha item type
          CBU-MAIN LIBRARY, KITWE. CBU-MAIN LIBRARY, KITWE.   11/30/2022   LC 6519 Tea 009269 11/30/2022 11/30/2022 MONOGRAPH